[Event "DEN-chT 2122 59th"]
[Site "Denmark"]
[Date "2021.12.12"]
[Round "3.2"]
[White "Lindfeldt, Jan Magnus"]
[Black "Ochsner, Thomas"]
[Result "0-1"]
[WhiteElo "2272"]
[BlackElo "2254"]
[PlyCount "78"]
[EventDate "2021.10.30"]
[EventType "team-tourn"]
[EventRounds "9"]
[EventCountry "DEN"]
[SourceTitle "EXT 2023"]
[Source "ChessBase"]
[SourceDate "2022.10.05"]
[SourceVersion "1"]
[SourceVersionDate "2022.10.05"]
[SourceQuality "1"]
[WhiteTeam "Copenhagen 68"]
[BlackTeam "Aarhus/Skolerne"]
[WhiteTeamCountry "DEN"]
[BlackTeamCountry "DEN"]

1. e4 e5 2. Nf3 Nc6 3. Bb5 Nf6 4. d3 d6 5. c3 g6 6. d4 Bd7 7. 0-0 Bg7 8. Re1 0-0 9. d5 Ne7 10. Bxd7 Qxd7 11. c4 h6 12. Nc3 Kh7 13. a4 a5 14. c5 Ne8 15. cxd6 Nxd6 16. Rb1 Rae8 17. b4 axb4 18. Rxb4 f5 19. exf5 Nexf5 20. Nd2 Nd4 21. f3 c5 22. Rb1 Bf6 23. Nde4 Bh4 24. Nxd6 Bxe1 25. Nce4 Bb4 26. Nxe8 Qxe8 27. Rxb4 cxb4 28. Qd2 g5 29. Bb2 Qxa4 30. Bxd4 exd4 31. Qd3 Qa1+ 32. Kf2 Kh8 33. Qb5 Qb2+ 34. Kg3 d3 35. d6 Qd4 36. Qxb7 d2 37. Qe7 Kg8 38. Qe6+ Kg7 39. Nxd2 Qh4# 0-1

[Event "DEN-chT 1819 57th"]
[Site "Denmark"]
[Date "2019.03.17"]
[Round "9.1"]
[White "Antonsen, Mikkel"]
[Black "Ochsner, Thomas"]
[Result "1/2-1/2"]
[WhiteElo "2429"]
[BlackElo "2280"]
[PlyCount "53"]
[EventDate "2018.10.27"]
[EventType "team-tourn"]
[EventRounds "9"]
[EventCountry "DEN"]
[SourceTitle "CBM 189 Extra"]
[Source "ChessBase"]
[SourceDate "2019.06.03"]
[SourceVersion "1"]
[SourceVersionDate "2019.06.03"]
[SourceQuality "1"]
[WhiteTeam "Koge Xtracon"]
[BlackTeam "Aarhus/Skolerne"]
[WhiteTeamCountry "DEN"]
[BlackTeamCountry "DEN"]

1. d4 Nf6 2. c4 e6 3. Nf3 b6 4. g3 Bb7 5. Bg2 Be7 6. 0-0 0-0 7. Re1 Qc8 8. Nc3 Ne4 9. Bf4 Bf6 10. Qc2 Nxc3 11. bxc3 d6 12. e4 Nd7 13. e5 dxe5 14. dxe5 Be7 15. h4 Rd8 16. Ng5 Bxg5 17. Bxg5 Re8 18. Bxb7 Qxb7 19. Rad1 Nf8 20. Rd4 Qf3 21. Re3 Qf5 22. Qd1 c5 23. Rf4 Qg6 24. Bf6 Qh6 25. Bg5 Qg6 26. Bf6 Qh6 27. Bg5 1/2-1/2

[Event "DEN-chT 1718 56th"]
[Site "Denmark"]
[Date "2018.03.10"]
[Round "8.4"]
[White "Ochsner, Thomas"]
[Black "Nielsen, Thomas Bach"]
[Result "1-0"]
[WhiteElo "2301"]
[BlackElo "2146"]
[PlyCount "127"]
[EventDate "2017.11.18"]
[EventType "team-tourn"]
[EventRounds "9"]
[EventCountry "DEN"]
[SourceTitle "EXT 2019"]
[Source "ChessBase"]
[SourceDate "2018.10.10"]
[SourceVersion "1"]
[SourceVersionDate "2018.10.10"]
[SourceQuality "1"]
[WhiteTeam "Aarhus/Skolerne"]
[BlackTeam "BMS"]
[WhiteTeamCountry "DEN"]
[BlackTeamCountry "DEN"]

1. e4 c6 2. d3 d5 3. Nd2 Nd7 4. Ngf3 Qc7 5. g3 Ngf6 6. Bg2 dxe4 7. dxe4 e5 8. 0-0 Be7 9. b3 0-0 10. Bb2 Re8 11. Qe2 a5 12. a4 b6 13. Rfd1 Ba6 14. Qe1 Bb4 15. Bf1 Bxf1 16. Qxf1 Bc5 17. h3 Rab8 18. Qe2 b5 19. Kg2 Nf8 20. axb5 cxb5 21. c4 b4 22. Nf1 Ng6 23. Ne3 Bxe3 24. Qxe3 Rbd8 25. Qe2 Rxd1 26. Rxd1 Qc6 27. Re1 a4 28. bxa4 Qxa4 29. Ra1 Qc6 30. Nd2 Rd8 31. Ra5 Qd6 32. Nf3 Re8 33. Nd2 h6 34. c5 Qc7 35. Qb5 Rb8 36. Qa4 Nh5 37. Nc4 f6 38. Nd6 Kh7 39. Nf5 Qb7 40. c6 Qb6 41. Ra7 Rc8 42. Ra6 Qc5 43. Qd1 Qc4 44. Nd6 Nhf4+ 45. gxf4 Nxf4+ 46. Kf3 Qxa6 47. Nxc8 Qxc6 48. Ne7 Qe6 49. Nf5 g6 50. Ng3 h5 51. Ke3 Qxh3 52. Qd8 Qe6 53. Kd2 Qb3 54. Qc7+ Kh6 55. Qc2 Qf3 56. Ke1 h4 57. Ne2 Ng2+ 58. Kd1 Qxf2 59. Bc1+ g5 60. Qc8 Qe1+ 61. Kc2 Qxe2+ 62. Kb3 Qd3+ 63. Ka4 Qc4 64. Qxc4 1-0

[Event "DEN-chT 1718 56th"]
[Site "Denmark"]
[Date "2018.02.11"]
[Round "7.7"]
[White "Lindfeldt, Jan Magnus"]
[Black "Ochsner, Thomas"]
[Result "1-0"]
[WhiteElo "2263"]
[BlackElo "2301"]
[PlyCount "59"]
[EventDate "2017.11.18"]
[EventType "team-tourn"]
[EventRounds "9"]
[EventCountry "DEN"]
[SourceTitle "EXT 2019"]
[Source "ChessBase"]
[SourceDate "2018.10.10"]
[SourceVersion "1"]
[SourceVersionDate "2018.10.10"]
[SourceQuality "1"]
[WhiteTeam "Copenhagen 68"]
[BlackTeam "Aarhus/Skolerne"]
[WhiteTeamCountry "DEN"]
[BlackTeamCountry "DEN"]

1. e4 e5 2. Nf3 Nc6 3. Bb5 Nf6 4. d3 d6 5. c3 g6 6. 0-0 Bg7 7. Re1 0-0 8. h3 Re8 9. Nbd2 h6 10. d4 exd4 11. cxd4 Bd7 12. Bc4 Na5 13. Bf1 c5 14. e5 dxe5 15. dxe5 Nd5 16. Ne4 Bc6 17. Nxc5 Nb4 18. Bd2 Bxf3 19. gxf3 Qd4 20. Re4 Qxc5 21. Bxb4 Qb6 22. Qe1 Nc6 23. Bc3 Rad8 24. Bc4 Nd4 25. Qe3 Bxe5 26. Re1 Kf8 27. Bxd4 Rxd4 28. Rxe5 Rxe5 29. Qxe5 Rxc4 30. Qh8# 1-0

[Event "DEN-chT 1617 55th"]
[Site "Denmark"]
[Date "2017.01.29"]
[Round "6.3"]
[White "Ochsner, Thomas"]
[Black "Pedersen, Nicolai Vesterbaek"]
[Result "1/2-1/2"]
[WhiteElo "2309"]
[BlackElo "2371"]
[PlyCount "26"]
[EventDate "2016.10.29"]
[EventType "team-tourn"]
[EventRounds "9"]
[EventCountry "DEN"]
[SourceTitle "EXT 2018"]
[Source "ChessBase"]
[SourceDate "2017.10.13"]
[SourceVersion "1"]
[SourceVersionDate "2017.10.13"]
[SourceQuality "1"]
[WhiteTeam "Aarhus/Skolerne"]
[BlackTeam "Skanderborg Nordea"]
[WhiteTeamCountry "DEN"]
[BlackTeamCountry "DEN"]

1. e4 e5 2. Nf3 Nc6 3. Bc4 Bc5 4. 0-0 Nf6 5. d3 0-0 6. c3 d6 7. Bb3 a6 8. Nbd2 Ba7 9. h3 Ne7 10. Re1 Ng6 11. Nf1 c6 12. Ng3 Be6 13. d4 Re8 1/2-1/2

[Event "DEN-chT 1617 55th"]
[Site "Denmark"]
[Date "2016.10.30"]
[Round "2.5"]
[White "Ochsner, Thomas"]
[Black "Pilgaard, Kim"]
[Result "0-1"]
[WhiteElo "2309"]
[BlackElo "2384"]
[PlyCount "76"]
[EventDate "2016.10.29"]
[EventType "team-tourn"]
[EventRounds "9"]
[EventCountry "DEN"]
[SourceTitle "EXT 2018"]
[Source "ChessBase"]
[SourceDate "2017.10.13"]
[SourceVersion "1"]
[SourceVersionDate "2017.10.13"]
[SourceQuality "1"]
[WhiteTeam "Aarhus/Skolerne"]
[BlackTeam "Bronshoj"]
[WhiteTeamCountry "DEN"]
[BlackTeamCountry "DEN"]

1. e4 e5 2. Nf3 Nc6 3. Bc4 Bc5 4. c3 Nf6 5. d3 0-0 6. b4 Bb6 7. a4 a6 8. 0-0 d5 9. exd5 Nxd5 10. Qb3 Nf6 11. Re1 Bf5 12. Bg5 Bxd3 13. Na3 Bg6 14. Rad1 Qc8 15. Bd5 Nxd5 16. Qxd5 Kh8 17. Nc4 f6 18. Nxb6 cxb6 19. Be3 Rd8 20. Qc4 Bc2 21. Rxd8+ Nxd8 22. Qd5 Bxa4 23. Bxb6 Ne6 24. Be3 Bc6 25. Qd6 Qe8 26. Qd1 Rd8 27. Qe2 Qg6 28. Nh4 Qe4 29. Nf3 Bb5 30. Qa2 Qc6 31. Nd2 Bd3 32. Rc1 f5 33. f3 Re8 34. Qa5 Nd4 35. Bxd4 exd4 36. Qc5 Qxc5 37. bxc5 dxc3 38. Rxc3 Re1+ 0-1

[Event "DEN-chT 1617 55th"]
[Site "Denmark"]
[Date "2016.10.29"]
[Round "1.4"]
[White "Rewitz, Poul"]
[Black "Ochsner, Thomas"]
[Result "1-0"]
[WhiteElo "2215"]
[BlackElo "2309"]
[PlyCount "87"]
[EventDate "2016.10.29"]
[EventType "team-tourn"]
[EventRounds "9"]
[EventCountry "DEN"]
[SourceTitle "EXT 2018"]
[Source "ChessBase"]
[SourceDate "2017.10.13"]
[SourceVersion "1"]
[SourceVersionDate "2017.10.13"]
[SourceQuality "1"]
[WhiteTeam "Copenhagen 68"]
[BlackTeam "Aarhus/Skolerne"]
[WhiteTeamCountry "DEN"]
[BlackTeamCountry "DEN"]

1. g3 Nf6 2. Bg2 d5 3. f4 Nc6 4. Nf3 Bg4 5. 0-0 Bxf3 6. Rxf3 e5 7. fxe5 Bc5+ 8. e3 Nxe5 9. Rxf6 Qxf6 10. d4 Bb6 11. Nc3 c6 12. dxe5 Qxe5 13. Qf3 0-0 14. Na4 Rae8 15. Nxb6 axb6 16. c3 Re6 17. Bd2 Rfe8 18. Qg4 b5 19. Rf1 Qd6 20. Qb4 Qxb4 21. cxb4 Rd8 22. Rf4 f6 23. Kf2 Kf7 24. Bc3 Rde8 25. Bd4 g5 26. Rf5 Kg6 27. g4 h5 28. h3 hxg4 29. hxg4 Ra8 30. a3 Rh8 31. Kg3 Rh6 32. Rf1 Kf7 33. b3 Re8 34. a4 bxa4 35. bxa4 Ra8 36. a5 Ke6 37. e4 dxe4 38. Bxe4 Rd8 39. Bc3 Kf7 40. b5 Re8 41. bxc6 Rxe4 42. cxb7 Rh8 43. Rxf6+ Ke7 44. Rf7+ 1-0

[Event "DEN-chT 0506"]
[Site "Denmark"]
[Date "2006.02.05"]
[Round "6.4"]
[White "Jorgensen, Jorgen"]
[Black "Ochsner, Thomas"]
[Result "1/2-1/2"]
[WhiteElo "2274"]
[BlackElo "2347"]
[PlyCount "42"]
[EventDate "2005.11.05"]
[EventType "team-tourn"]
[EventRounds "9"]
[EventCountry "DEN"]
[SourceTitle "EXT 2023"]
[Source "ChessBase"]
[SourceDate "2022.10.05"]
[SourceVersion "1"]
[SourceVersionDate "2022.10.05"]
[SourceQuality "1"]
[WhiteTeam "Norresundby"]
[BlackTeam "Skolerne"]
[WhiteTeamCountry "DEN"]
[BlackTeamCountry "DEN"]

1. d4 Nf6 2. c4 e6 3. g3 d5 4. Nf3 Be7 5. Bg2 0-0 6. 0-0 dxc4 7. Qc2 a6 8. a4 Bd7 9. Qxc4 Bc6 10. Bg5 a5 11. Nc3 Na6 12. Bxf6 Bxf6 13. e4 Nb4 14. Rfd1 b6 15. Rd2 Bb7 16. Qe2 Re8 17. h4 h6 18. Qe3 Be7 19. Ne5 Bd6 20. Rad1 Qc8 21. Nc4 Bf8 1/2-1/2

[Event "DEN-chT 0506"]
[Site "Denmark"]
[Date "2006.01.14"]
[Round "4.4"]
[White "Ochsner, Thomas"]
[Black "Nielsen, Lars Aaes"]
[Result "1-0"]
[WhiteElo "2347"]
[BlackElo "2182"]
[PlyCount "143"]
[EventDate "2005.11.05"]
[EventType "team-tourn"]
[EventRounds "9"]
[EventCountry "DEN"]
[SourceTitle "EXT 2023"]
[Source "ChessBase"]
[SourceDate "2022.10.05"]
[SourceVersion "1"]
[SourceVersionDate "2022.10.05"]
[SourceQuality "1"]
[WhiteTeam "Skolerne"]
[BlackTeam "Nordkalotten"]
[WhiteTeamCountry "DEN"]
[BlackTeamCountry "DEN"]

1. e4 c5 2. c3 e6 3. d4 d5 4. exd5 exd5 5. Nf3 Nc6 6. Bb5 Bd6 7. 0-0 Nge7 8. dxc5 Bxc5 9. Nbd2 0-0 10. Nb3 Bb6 11. Re1 Bg4 12. Bd3 h6 13. Bc2 Re8 14. Be3 Bc7 15. Qd3 Ng6 16. Nbd4 a6 17. h3 Bxf3 18. Nxf3 Qd6 19. g3 Re4 20. Rad1 Rd8 21. Qxe4 dxe4 22. Rxd6 Rxd6 23. Bxe4 b6 24. Kg2 Nge5 25. Bf4 Rd7 26. Bf5 Re7 27. Nd4 Bd8 28. Bc8 a5 29. Nf5 Rc7 30. Bxe5 Nxe5 31. Rxe5 Rxc8 32. Re8+ Kh7 33. Nd6 Rb8 34. Nxf7 Bc7 35. Re7 Rc8 36. f4 Kg6 37. Ne5+ Bxe5 38. Rxe5 Kf6 39. Rb5 Rc6 40. Kf3 Ke7 41. g4 Kd7 42. g5 Rd6 43. Ke3 Kc6 44. a4 hxg5 45. Rxg5 Rh6 46. Kd4 Rd6+ 47. Ke3 Rh6 48. Rxg7 Rxh3+ 49. Kd4 Rh2 50. b3 Rd2+ 51. Kc4 Rf2 52. Rf7 Rf3 53. Rf6+ Kc7 54. Kd4 Rh3 55. Rf7+ Kd6 56. Kc4 Kc6 57. Rf6+ Kc7 58. f5 Rf3 59. b4 Re3 60. Re6 Rf3 61. Re5 Kd6 62. Rb5 Rf4+ 63. Kd3 axb4 64. cxb4 Kc6 65. Ke3 Rf1 66. Re5 Kd6 67. Re6+ Kc7 68. Ke4 Rb1 69. f6 Rxb4+ 70. Ke5 Rb1 71. f7 Re1+ 72. Kf6 1-0

[Event "DEN-chT 0506"]
[Site "Denmark"]
[Date "2005.11.20"]
[Round "3.3"]
[White "Petersen, Tom Petri"]
[Black "Ochsner, Thomas"]
[Result "1-0"]
[WhiteElo "2241"]
[BlackElo "2347"]
[PlyCount "69"]
[EventDate "2005.11.05"]
[EventType "team-tourn"]
[EventRounds "9"]
[EventCountry "DEN"]
[SourceTitle "EXT 2023"]
[Source "ChessBase"]
[SourceDate "2022.10.05"]
[SourceVersion "1"]
[SourceVersionDate "2022.10.05"]
[SourceQuality "1"]
[WhiteTeam "Nordre"]
[BlackTeam "Skolerne"]
[WhiteTeamCountry "DEN"]
[BlackTeamCountry "DEN"]

1. e4 e5 2. Nf3 Nc6 3. Bc4 Bc5 4. c3 Nf6 5. d4 exd4 6. cxd4 Bb4+ 7. Bd2 Bxd2+ 8. Nbxd2 d5 9. exd5 Nxd5 10. 0-0 0-0 11. Bb5 Nde7 12. Re1 a6 13. Bc4 b5 14. Bb3 Bg4 15. h3 Bh5 16. Qc2 a5 17. Qc5 Bxf3 18. Nxf3 a4 19. d5 axb3 20. dxc6 Ng6 21. axb3 Qd3 22. Qc3 Qf5 23. Rad1 Ra6 24. Rd7 Nf4 25. Nd4 Qf6 26. Qf3 h6 27. Kh2 Qg5 28. Re4 Ne6 29. Rxe6 fxe6 30. Qxf8+ Kxf8 31. Nxe6+ Ke8 32. Nxc7+ Kf8 33. Ne6+ Ke8 34. Nxg5 Rxc6 35. Rxg7 1-0

[Event "Nordic-chB"]
[Site "Aarhus"]
[Date "2004.02.29"]
[Round "6"]
[White "Bekker Jensen, David"]
[Black "Ochsner, Thomas"]
[Result "1/2-1/2"]
[WhiteElo "2338"]
[BlackElo "2355"]
[PlyCount "109"]
[EventDate "2003.02.23"]
[EventType "swiss"]
[EventRounds "7"]
[EventCountry "DEN"]
[SourceTitle "EXT 2008"]
[Source "ChessBase"]
[SourceDate "2007.11.25"]
[SourceVersion "1"]
[SourceVersionDate "2007.11.25"]
[SourceQuality "1"]

1. d4 Nf6 2. c4 e6 3. Nc3 Bb4 4. e3 0-0 5. Nge2 d5 6. a3 Be7 7. Nf4 c6 8. b3 Nbd7 9. Be2 Re8 10. 0-0 dxc4 11. bxc4 e5 12. Nd3 Bd6 13. a4 e4 14. Nb2 Nf8 15. c5 Bc7 16. Nc4 Nd5 17. Qc2 Nxc3 18. Qxc3 Qh4 19. g3 Qh3 20. f4 h5 21. Rf2 Ng6 22. Bb2 f6 23. Nd6 Bxd6 24. cxd6 Be6 25. Raf1 Qf5 26. Ba3 Bd5 27. Rg2 Kf7 28. Rb1 b6 29. Qe1 Qh3 30. Qf2 Rh8 31. f5 Nf8 32. Qf4 Nh7 33. d7 Rhd8 34. Qh4 Qxf5 35. Bxh5+ Kg8 36. Bg4 Qg5 37. Qxg5 Nxg5 38. Be7 Nf3+ 39. Kh1 Rdb8 40. h4 Kf7 41. d8Q Rxd8 42. Bxd8 Rxd8 43. Rc2 Ke7 44. Kg2 Rh8 45. Rh1 Kd6 46. Bf5 Rh6 47. Rc3 Rh8 48. Bg6 Rh6 49. h5 Rh8 50. g4 a5 51. Rb1 Rb8 52. Rc2 b5 53. axb5 Rxb5 54. Ra1 a4 55. Kf2 1/2-1/2

[Event "EU-Cup 19th"]
[Site "Rethymno"]
[Date "2003.09.29"]
[Round "2.5"]
[White "Huesmann, Thomas"]
[Black "Ochsner, Thomas"]
[Result "1/2-1/2"]
[WhiteElo "2282"]
[BlackElo "2362"]
[PlyCount "151"]
[EventDate "2003.09.28"]
[EventType "team-swiss"]
[EventRounds "7"]
[EventCountry "GRE"]
[SourceTitle "CBM 098"]
[Source "ChessBase"]
[SourceDate "2004.02.03"]
[SourceVersion "1"]
[SourceVersionDate "2004.02.03"]
[SourceQuality "1"]
[WhiteTeam "Eupen Rochade"]
[BlackTeam "Aarhus"]
[WhiteTeamCountry "BEL"]
[BlackTeamCountry "DEN"]

1. e4 e5 2. Nf3 Nc6 3. Bc4 Bc5 4. c3 Nf6 5. d3 0-0 6. b4 Bb6 7. a4 a6 8. 0-0 d6 9. h3 Ne7 10. Bg5 Ng6 11. Nbd2 h6 12. Be3 Bxe3 13. fxe3 d5 14. Bb3 Be6 15. Bc2 dxe4 16. Nxe4 Nxe4 17. dxe4 Qe8 18. Qe1 Rd8 19. Qg3 Bc4 20. Rfd1 Qe6 21. h4 Bb3 22. Bxb3 Qxb3 23. Rdc1 Rfe8 24. h5 Nf8 25. Nxe5 Ne6 26. Nf3 Rd3 27. Qe1 Ng5 28. Nxg5 hxg5 29. Qg3 Rxe4 30. Qxc7 Qe6 31. Qxb7 Rexe3 32. Rf1 Re2 33. Rf3 Rdd2 34. Rg3 f5 35. Rf1 Re1 36. Rgf3 f4 37. Rxe1 Qxe1+ 38. Rf1 Qe3+ 39. Kh1 Qxc3 40. Qxa6 Qxb4 41. Qe6+ Kh8 42. Qe8+ Kh7 43. Qg6+ Kg8 44. Qxg5 Qxa4 45. Qg4 Qd7 46. Qxf4 Rd1 47. Qc4+ Kh8 48. Kh2 Rxf1 49. Qxf1 Qg4 50. Qf3 Qh4+ 51. Qh3 Qf2 52. Qg4 Kh7 53. Qg6+ Kh8 54. Qe8+ Kh7 55. Qe4+ Kh8 56. Kh3 Qf1 57. Kh4 Qh1+ 58. Kg5 Qc1+ 59. Qf4 Qc5+ 60. Kh4 Qe7+ 61. Kh3 Qa3+ 62. g3 Qd3 63. Kh4 Qe2 64. Qf8+ Kh7 65. Qf4 Qe7+ 66. Qg5 Qe4+ 67. Qf4 Qxf4+ 68. gxf4 Kg8 69. Kg4 Kf8 70. Kg5 Kf7 71. Kf5 Ke7 72. Kg4 Kf6 73. f5 Ke7 74. Kf3 Kf6 75. Kf4 Ke7 76. Kg5 1/2-1/2

[Event "DEN-chT 0102"]
[Site "Denmark"]
[Date "2002.03.17"]
[Round "7.4"]
[White "Berg, Klaus"]
[Black "Ochsner, Thomas"]
[Result "1/2-1/2"]
[WhiteElo "2438"]
[BlackElo "2355"]
[PlyCount "58"]
[EventDate "2001.11.04"]
[EventType "team-tourn"]
[EventRounds "7"]
[EventCountry "DEN"]
[SourceTitle "EXT 2023"]
[Source "ChessBase"]
[SourceDate "2022.10.05"]
[SourceVersion "1"]
[SourceVersionDate "2022.10.05"]
[SourceQuality "1"]
[WhiteTeam "Helsinge"]
[BlackTeam "Skolerne"]
[WhiteTeamCountry "DEN"]
[BlackTeamCountry "DEN"]

1. d4 Nf6 2. Bg5 Ne4 3. Bf4 c5 4. f3 Qa5+ 5. c3 Nf6 6. d5 Qb6 7. b3 e6 8. e4 exd5 9. exd5 Bd6 10. Bg5 Be7 11. d6 Qxd6 12. Qxd6 Bxd6 13. Bxf6 gxf6 14. Na3 Be5 15. Ne2 d5 16. 0-0-0 Be6 17. f4 Bc7 18. Nb5 Na6 19. g3 0-0-0 20. Bg2 Bg4 21. Rhe1 Rhe8 22. Rd2 Re3 23. h3 Bxe2 24. Rexe2 Rxg3 25. Rxd5 Bxf4+ 26. Kc2 Rxd5 27. Bxd5 Be5 28. Rg2 Rg5 29. Nxa7+ Kb8 1/2-1/2

[Event "DEN-chT 0102"]
[Site "Denmark"]
[Date "2002.01.13"]
[Round "4.4"]
[White "Pedersen, Svend"]
[Black "Ochsner, Thomas"]
[Result "1/2-1/2"]
[WhiteElo "2269"]
[BlackElo "2355"]
[PlyCount "115"]
[EventDate "2001.11.04"]
[EventType "team-tourn"]
[EventRounds "7"]
[EventCountry "DEN"]
[SourceTitle "EXT 2023"]
[Source "ChessBase"]
[SourceDate "2022.10.05"]
[SourceVersion "1"]
[SourceVersionDate "2022.10.05"]
[SourceQuality "1"]
[WhiteTeam "Norresundby"]
[BlackTeam "Skolerne"]
[WhiteTeamCountry "DEN"]
[BlackTeamCountry "DEN"]

1. e4 e5 2. Nc3 Nf6 3. f4 d5 4. fxe5 Nxe4 5. Nf3 Bc5 6. Qe2 Bf2+ 7. Kd1 Nxc3+ 8. dxc3 Bb6 9. Bg5 Qd7 10. Kd2 0-0 11. Rd1 Qa4 12. a3 h6 13. Be3 Bf5 14. Bxb6 Qxc2+ 15. Ke1 axb6 16. Qxc2 Bxc2 17. Rxd5 Nc6 18. Bb5 Rfe8 19. Bxc6 bxc6 20. Rd2 Be4 21. Re2 Bd5 22. Kf2 Re6 23. Rhe1 Rae8 24. Nd4 Rg6 25. g3 Rg5 26. h4 Rg4 27. Re3 c5 28. Ne2 Re4 29. Nf4 Rxe3 30. Rxe3 Bc4 31. Re4 b5 32. Re3 Rd8 33. Ke1 Bb3 34. Rd3 Re8 35. Re3 Bc4 36. Kf2 Kf8 37. Kf3 Ke7 38. Nd3 Bd5+ 39. Kf2 c4 40. Nc5 Rd8 41. Re2 Bc6 42. Ke1 Rd5 43. Na6 Bb7 44. Nb4 Rd8 45. Nc2 c5 46. Ne3 Ke6 47. a4 bxa4 48. Nxc4 Ba6 49. Re4 Rd3 50. Nd6 a3 51. bxa3 Rxg3 52. Ra4 Re3+ 53. Kf2 Re2+ 54. Kf3 Bd3 55. Ne4 Bb5 56. Ra5 Rb2 57. Nxc5+ Kf5 58. Ke3 1/2-1/2

[Event "DEN-chT 0001"]
[Site "Denmark"]
[Date "2001.02.04"]
[Round "5"]
[White "Rasmussen, Karsten"]
[Black "Ochsner, Thomas"]
[Result "1/2-1/2"]
[WhiteElo "2410"]
[BlackElo "2355"]
[PlyCount "24"]
[EventDate "2000.??.??"]
[EventType "team"]
[EventRounds "7"]
[EventCountry "DEN"]
[SourceTitle "EXT 2002"]
[Source "ChessBase"]
[SourceDate "2001.11.25"]
[SourceVersion "1"]
[SourceVersionDate "2001.11.25"]
[SourceQuality "1"]
[WhiteTeam "Aarhus"]
[BlackTeam "Skolerne"]
[WhiteTeamCountry "DEN"]
[BlackTeamCountry "DEN"]

1. c4 e6 2. Nc3 d5 3. d4 Nf6 4. Nf3 Be7 5. Bf4 0-0 6. e3 b6 7. Rc1 a6 8. Qc2 Bb7 9. Bd3 dxc4 10. Bxc4 Nbd7 11. 0-0 c5 12. Rfd1 b5 1/2-1/2

[Event "DEN-chT 0001"]
[Site "Denmark"]
[Date "2000.11.18"]
[Round "3"]
[White "Ochsner, Thomas"]
[Black "Mortensen, Erling"]
[Result "0-1"]
[WhiteElo "2355"]
[BlackElo "2438"]
[PlyCount "82"]
[EventDate "2000.??.??"]
[EventType "team"]
[EventRounds "7"]
[EventCountry "DEN"]
[SourceTitle "EXT 2002"]
[Source "ChessBase"]
[SourceDate "2001.11.25"]
[SourceVersion "1"]
[SourceVersionDate "2001.11.25"]
[SourceQuality "1"]
[WhiteTeam "Skolerne"]
[BlackTeam "Copenhagen 34"]
[WhiteTeamCountry "DEN"]
[BlackTeamCountry "DEN"]

1. e4 c5 2. c3 g6 3. d4 Qa5 4. Nd2 cxd4 5. Nb3 Qe5 6. Qxd4 Nc6 7. Qxe5 Nxe5 8. Bf4 Bg7 9. Nd4 a6 10. Ngf3 f6 11. Bg3 d6 12. Be2 Bd7 13. a4 Rc8 14. Nd2 f5 15. exf5 gxf5 16. 0-0 Nf6 17. Rfe1 0-0 18. h4 Kh8 19. a5 Bh6 20. N2f3 f4 21. Bh2 Nfg4 22. Nxe5 Nxe5 23. Nf3 Nf7 24. Bd3 e5 25. Be4 Bc6 26. g4 Bxe4 27. Rxe4 d5 28. Ree1 Bg7 29. Ra4 e4 30. Nd4 Bxd4 31. cxd4 Nd6 32. Rb4 Nb5 33. g5 Rc2 34. Rd1 Kg7 35. Rb3 Kg6 36. Rb4 Kh5 37. Kg2 e3 38. Rf1 Kg4 39. Bg1 f3+ 40. Kh1 e2 41. Re1 Rfc8 0-1